000 01396nam a22001457a 4500
999 _c517529
_d517529
008 210719b ||||| |||| 00| 0 eng d
100 _aWachter, Till Von
_926764
245 _aThe persistent effects of initial labor market conditions for young adults and their sources
260 _aThe Journal of Economic Perspectives
300 _a34(4), Fall, 2020: p.168-194
520 _aUnlucky young workers entering the labor market in recessions suffer a range of medium- to long-term consequences. This paper summarizes the findings of the growing empirical literature on this subject and uses it to assess economic models of career development. The literature finds large initial effects on earnings, labor supply, and wages that tend to fade after ten to fifteen years in the labor market, and that are accompanied by changes in occupation, job mobility, and employer characteristics. Adverse initial labor market entry also has persistent effects on a range of social outcomes, including timing and completed fertility, marriage and divorce, criminal activities, attitudes, and risky alcohol consumption. There is also evidence that early exposure to depressed labor market lowers health and raises mortality in middle age, patterns accompanied by a reopening of earnings gaps. – Reproduced
773 _aThe Journal of Economic Perspectives
906 _aLABOUR MARKET
942 _cAR